01122nam a2200265Ia 450000100060000000300090000600800410001504000130005604000130006904100130008210000190009510000290011424000160014324000350015924500600019424500590025425000110031326000100032426000120033426000490034630000430039550003710043865000160080965000310082519778IT-RoPAU130308s9999 xx 000 0 und d aIT-RoPAU cIT-RoPAU aFRANCESE aSearle John R. gCodice Aut. SPICS: 1390 aSPESCH ACTS gCodice Tit. Orig. Spics: T0858 aActes de langage (Les)-Essai de philosophie du langage bActes de Langage (Les)-Essai de Philosophie Du Langage a2a ed. aPARIS bHermann c1979 [1° Ed.:1972 - Ed.Ling.Originale:1969] a"262 p. (prefazione: no ; testo: 262)" aSaggio di Filosofia del Linguaggio Atti del Linguaggio Metodi e Oggetto Espressioni e Significato Proposizioni regole significazione Struttura degli Atti Illocutori referenza Come Atto Linguistico Principio di Identificazione Predicazione Nominalismo ed Esistenza degli Universali regole di Predicazione tre Errori della Filosofia Contemporanea Problemi di Referenza aLINGUISTICA eCodice materia Spics: 3201